000 00645nam a2200217 i 4500
001 BINCO
003 CO-MdBIC
005 20221102170502.0
008 221102b2005 sp a|||| |||| 00| 0 spa d
020 _a8478649492
040 _a CO-MdBIC
_bspa.
_cCO-MdBIC
_d CO-MdBIC
041 _aspa
082 _222
_a863
_bJ65
100 _aO'leary, John
245 _a¡Alarma en la jungla!
264 _aBarcelona:
_bCombel Editorial;
_c©2005
300 _a25Páginas:
_bIlustraciones a color;
_c23cm.
505 _aSeis monos juegan en la jungla. Pero se acerca un leopardo y... ¡ahora sólo quedan cinco!
650 _xAnimales
942 _cLGB
999 _c68327
_d68327